LDR 01089nam a2200241 i 4500 001 000000247564 003 CaOOAMICUS 005 20160617000000.0 008 160617s1899 it u000 u ita u 013 $a226469 040 $aSeMil$bita 100 1 $aRiva, Giuseppe$b
.$0(OLS)http://semarc/name/89791 245 10$aManuale di Filotea /$cdel sacerdote milanese Giuseppe Riva. 250 $aEd. pubblicata in pieno accordo con gli eredi dell'autore, ed. 36. 260 $aBergamo :$bIstituto Italiano d'Arti Grafiche,$c1899. 300 $aVIII, 1046 p., [2] c. di tav. :$bill. ;$c15 cm. 500 $aDalla biblioteca del Card. Colombo. 650 4$aCristianesimo - Libri di preghiere e devozione italiani.$0(OLS)http://semarc/subject/1222 850 $aSeMil 852 $aSeMil$W1$xVenegono$y1$m2A II 69 FA$j197910$B197910$CSeMilBibl$Z2$F209070 $8I 961 $aLascito: Colombo Card. Giovanni 996 $6245$aManuale di Filotea$9(OLS)http://semarc/title/63029 996 $6260$aBergamo :$bIstituto Italiano d'Arti Grafiche$9(OLS)http://semarc/publisher/29676